01413nam a2200313Ia 450000500170000000800410001702000150005808200220007310000210009524500760011625000190019230000580021149000350026950000210030450400270032565000640035265000530041665000530046994200120052226400260053433600270056033700330058733800280062004000350064899900150068395201320069895201340083095201350096420220317001205.0160825s2002 ck a g 000 0 spa  a958930895304a720.986148 bE71b1 aEscovar, Alberto10aBogotábcentro históricocinvestigación y texto Alberto Escobar W a1a. edición  a114 páginas bilustraciones, planos, mapas c29 cm  aGuías elarqa de arquitectura aIncluye glosario aIncluye bibliografía142LEMBaArquitectura vDiseños y planos zBogota (Colombia)142LEMBaArquitectura vGuías zBogota (Colombia)142LEMBaArquitectura xHistoriazBogota (Colombia) 2ddccBK aBogotábGammac2002 atextobtxt2rdacontent asin mediaciónbn2rdamedia avolumenbnc2rdacarrier aCO-BoRNBPbspaerdacCO-BoRNBP c6189d6189 00102ddc40708GENaMEDORADObMEDORADOcGENd2023-01-11o720.986148 E71bpDOR00667r2023-01-11 00:00:00tEj.1w2023-01-11yBK 00102ddc40708GENaMECUMARAbMECUMARAcGENd2024-06-18l0o720.986148E71BpCUM00668r2024-06-18 11:26:24tEj.1w2024-06-18yBK 00102ddc40708GENaMEBAUPIAbMEBAUPIAcGENd2025-07-11l0o720.986148 E71bpBUP1823r2025-07-11 14:27:25tEj.1w2025-07-11yBK